| 000 | 00595nam a2200193 i 4500 | ||
|---|---|---|---|
| 001 | 11933 | ||
| 003 | ES-MaACL | ||
| 005 | 20230906150214.0 | ||
| 007 | t| | ||
| 008 | 970110s1987 sp ||||1| spa d | ||
| 020 | _a84-505-6740-8 | ||
| 080 | _a342.532(460)"1982/1986" | ||
| 110 | 1 |
_aEspaña. _bCortes Generales. _bCongreso. _93671 |
|
| 245 | 1 | 0 |
_aMemoria de la II Legislatura _b: (1982-1986). |
| 260 |
_aMadrid : _bCongreso de los Diputados, _c1987. |
||
| 300 |
_aXIV, 386 p. ; _c28 cm. |
||
| 610 | 1 |
_aEspaña. _bCortes Generales. _bCongreso. _93671 |
|
| 852 |
_aES-MaACL _jC-43298 _bR.114823 |
||
| 999 |
_c11933 _d11933 |
||